000 00213nam a2200097Ia 4500
008 170619s9999 xx 000 0 und d
100 _aKothari
245 0 _aElectric Machines
260 _bNew Delhi: TMH
260 _c2001
546 _aENGLISH
999 _c16312
_d16312